| 000 | 01576nam a2200277 a 4500 | ||
|---|---|---|---|
| 001 | BRCA_8510 | ||
| 003 | FranzMayer | ||
| 005 | 20230724105915.0 | ||
| 008 | 300616s1773----sp-#######---#000-0#spa-# | ||
| 040 |
_aMFM _bspa _cMFM |
||
| 041 | _aspa | ||
| 044 | _asp | ||
| 084 |
_aBE15 _b.S47 1773 |
||
| 245 | 1 | 0 |
_aSermones sobre varios asuntos _btomo II _cescritos en francés y traducidos al castellano por don Nicolas de Labarre. |
| 260 |
_aMadrid _bEn la Oficina de Joseph Doblado _c1773 |
||
| 300 |
_a[2], 342 p. (t.2) _c21.5 x 15 cm. |
||
| 500 | _aEstado físico : Ciertas hojas presentan manchas | ||
| 500 | _aCon marca de fuego : ´Procedencia de la marca: Colegio Jesuita de San Francisco Xavier de la Ciudad de Querétaro(1). Institución: Provincia Mexicana de la Compañía de Jesús. Descripción: Iniciales S. Xr. Q. que se desata como S[an] X[avie]r [de] Q[uerétaro.]. Observaciones: A falta de un testimonio de pertenencia se hace la atribución de la marca en función a la realizada por David Saavedra Vega. Se espera localizar otro ejemplar que corrobore esta atribución. Ubicación de la marca en el libro: Canto superior´ | ||
| 505 | 0 | _aContenido : t.2, pte.2da. Moral | |
| 650 | 1 | 4 |
_aSermones franceses _ySiglo XVII - Obras anteriores a 1700 _921343 |
| 700 | 1 |
_aDoblado, José _921344 |
|
| 700 | 1 |
_aLabarre, Nicolás de _etr. _921345 |
|
| 856 | _ahttp://www.marcasdefuego.buap.mx:8180/xmLibris/projects/firebrand/item.jsp?repository=marcas_de_fuego&key=marcas_de_fuego_marcas_de_fuego_20151006120916_4064.xml&num=5 | ||
| 902 | _aCFM | ||
| 942 |
_2lcc _cB |
||
| 999 |
_c8176 _d8176 |
||